• 首页
  • 本馆介绍
  • 公告通知
  • 最新文献
  • 馆藏检索
  • 电子资源
  • 读者导购
  • 参考咨询
  • 我的图书馆
  • 登录
  • 详细信息显示
  • 放入我的书架
  • 预约/预借图书
  • 作者相关作品
  • 分类相关作品
  • 丛书相关作品
  • 出版社相关作品

书目信息

  • 表格格式
  • 工作单格式
  • 卡片格式
题名:
世界传媒产业评论
    
 
作者: 吴信训 主编
分册: 第12辑   “世界传播论坛——上海2015:全球比较视野下的媒体融合”国际学术会议论文选集
出版信息: 北京   中国国际广播出版社  2017
页数: 216页
开本: 24cm
丛书名:
单 册:
中图分类: G219.1-53
科图分类:
主题词: 传播媒介--chuan bo mei jie--产业经济学--世界--文集
电子资源:
ISBN: 978-7-5078-3907-4
000 01336nam0 22002531 450
001 1738644400
005 20170628110347.19
010    @a978-7-5078-3907-4@dCNY42.00
100    @a20170110d2017 em y0chiy50 ea
101 0  @achi@deng@eeng
102    @aCN@b110000
105    @aa z 000yy
106    @ar
200 1  @a世界传媒产业评论@9shi jie chuan mei chan ye ping lun@h第12辑@i“世界传播论坛——上海2015:全球比较视野下的媒体融合”国际学术会议论文选集@dInternational media industry review@hVol.12@f吴信训主编@zeng
210    @a北京@c中国国际广播出版社@d2017
215    @a216页@c图,照片@d24cm
300    @a上海市社会科学创新研究基地/吴信训工作室·上海大学文化繁荣与新媒体发展研究基地、上海市高校人文社会科学重点研究基地·上海大学影视与传媒产业研究基地主办
330    @a本书包括数字文化的媒介逻辑、媒体融合的生态图景、媒体融合中的传媒产业、媒体融合管理四个专题。收录了《媒介逻辑和社会互动的媒介化》、《对数字文化非自然历史的呼吁》、《媒体融合战略:业界的需求和密苏里新闻学院的课程创新》、《中国广电媒体融合发展需要完成“四个转变”》等17篇文章。
510 1  @aInternational media industry review@hVol.12@zeng
606 0  @a传播媒介@9chuan bo mei jie@x产业经济学@y世界@j文集
690    @aG219.1-53@v5
701  0 @a吴信训@9wu xin xun@f(1949~)@4主编
801  0 @aCN@bTANGWEI@c20170627
905    @b1016853-8@dG219.1-53@e693:12@f6
    
    世界传媒产业评论.第12辑.“世界传播论坛——上海2015:全球比较视野下的媒体融合”国际学术会议论文选集=International media industry review.Vol.12/吴信训主编.-北京:中国国际广播出版社,2017
    216页:图,照片;24cm
    上海市社会科学创新研究基地/吴信训工作室·上海大学文化繁荣与新媒体发展研究基地、上海市高校人文社会科学重点研究基地·上海大学影视与传媒产业研究基地主办
    
    ISBN 978-7-5078-3907-4:CNY42.00
    本书包括数字文化的媒介逻辑、媒体融合的生态图景、媒体融合中的传媒产业、媒体融合管理四个专题。收录了《媒介逻辑和社会互动的媒介化》、《对数字文化非自然历史的呼吁》、《媒体融合战略:业界的需求和密苏里新闻学院的课程创新》、《中国广电媒体融合发展需要完成“四个转变”》等17篇文章。
●
相关链接 在E读中查询图书 在五车中查询图书 在当当中查询图书 在豆瓣中查询图书


正题名:世界传媒产业评论     索取号:G219.1-53/693:12         预约/预借

序号 登录号 条形码 馆藏地/架位号 状态 备注
1 1016853   210168539   第一样本阅览室/ [索取号:G219.1-53/693:12] 在馆    
2 1016854   210168548   教育系资料室/ [索取号:G219.1-53/693:12] 在馆    
3 1016855   210168557   教育系资料室/ [索取号:G219.1-53/693:12] 在馆    
4 1016856   210168566   教育系资料室/ [索取号:G219.1-53/693:12] 在馆    
5 1016857   210168575   第四借阅区/ [索取号:G219.1-53/693:12] 在馆    
6 1016858   210168584   第四借阅区/ [索取号:G219.1-53/693:12] 在馆    
唐山师范学院图书馆 欢迎您!
大连网信软件有限公司© 版权所有